000 00273nam a22001217a 4500
020 _a0-246-10944-0
082 _a927 ALI'G
100 _aALI, MUHAMMAD
_919316
245 _aTHE GREATEST MY OWN STORY
260 _aLONDON
_bHART DAVIS
_c1976
300 _a378P
942 _cBK
999 _c582979
_d582979